| 000 | 00449nam a2200193Ia 4500 | ||
|---|---|---|---|
| 005 | 20240913125219.0 | ||
| 008 | 240913s9999||||xx |||||||||||||| ||und|| | ||
| 041 | _aENGLISH | ||
| 082 | _A621.4022 M8 | ||
| 100 | _aBayazitoglu,Yildiz | ||
| 245 | 0 | _aHeat Transfer | |
| 250 | _a1st | ||
| 260 |
_c1998 _bMGH,New York |
||
| 500 | _aREFERENCE | ||
| 650 |
_aHeat Transfer _bMechanical |
||
| 700 | _a Ozaki Muneto | ||
| 942 | _cREF | ||
| 999 |
_c245061 _d245061 |
||